XI Roku 2013 wg. Tygodnika "Piłka Nożna" (Europa) - Statystyki

Ogólne statystyki
  • Ten quiz został rozwiązany 215 razy
  • Średni wynik to 10 z 11
Statystyki odpowiedzi
Pozycja Kraj Klub Zawodnik % Poprawnych
LS Portugalia Real Madryt Cristiano Ronaldo
98%
ŚN Szwecja PSG Zlatan Ibrahimovic
98%
BR Niemcy Bayern Manuel Neuer
97%
LO Austria Bayern David Alaba
95%
PO Niemcy Bayern Philipp Lahm
95%
ŚO Niemcy Dortmund Mats Hummels
93%
LS Francja Bayern Franck Ribery
92%
ŚPD Hiszpania Barcelona Sergio Busquets
90%
ŚO Włochy Juventus Giorgio Chiellini
89%
ŚP Włochy Juventus Andrea Pirlo
80%
ŚP Niemcy Bayern Bastian Schweinsteiger
53%
Nie znaleziono quizów pasujących do podanych kryteriów
Rozkład punktacji
Procent ludzi z każdym wynikiem
Percentyl według liczby udzielonych odpowiedzi
Twoja historia wyników
Nie rozwiązałeś tego quizu